[Event "POL-ch blitz"]
[Site "Suwalki"]
[Date "2022.09.24"]
[Round "6"]
[White "Flak, Pawel"]
[Black "Smolka, Marcin"]
[Result "1-0"]
[WhiteElo "2190"]
[BlackElo "2217"]
[PlyCount "89"]
[EventDate "2022.09.24"]
[EventType "swiss (blitz)"]
[EventRounds "15"]
[EventCountry "POL"]
[SourceTitle "CBM 210 Extra"]
[Source "ChessBase"]
[SourceDate "2022.11.30"]
[SourceVersion "1"]
[SourceVersionDate "2022.11.30"]
[SourceQuality "1"]

1. d4 d5 2. Nf3 c6 3. c4 e6 4. Qc2 Nf6 5. g3 Be7 6. Bg2 Nbd7 7. 0-0 0-0 8. Nbd2 b6 9. e4 dxe4 10. Nxe4 Bb7 11. Ne5 Rc8 12. Rd1 Qc7 13. Nxd7 Qxd7 14. c5 h6 15. a3 Rfd8 16. Bf4 Nd5 17. Bd6 Bf6 18. Rac1 Ba6 19. b4 Qe8 20. Be5 Be7 21. Qa4 Bb5 22. Qb3 Bf8 23. Bd6 Ne7 24. h3 Nf5 25. Bxf8 Qxf8 26. a4 Ba6 27. Qc3 Bb7 28. g4 Ne7 29. Nd6 Rc7 30. Nxb7 Rxb7 31. b5 Nd5 32. Bxd5 cxd5 33. c6 Rc7 34. f4 Qd6 35. Qe3 Qb4 36. Ra1 a6 37. Rdb1 Qa5 38. Qe1 Qxe1+ 39. Rxe1 Ra8 40. a5 axb5 41. axb6 Rxa1 42. Rxa1 Rxc6 43. b7 Rb6 44. Ra8+ Kh7 45. b8Q 1-0

[Event "POL-ch blitz"]
[Site "Suwalki"]
[Date "2022.09.24"]
[Round "1"]
[White "Smolka, Marcin"]
[Black "Sawicki, Wojciech1"]
[Result "1-0"]
[WhiteElo "2217"]
[BlackElo "1539"]
[PlyCount "121"]
[EventDate "2022.09.24"]
[EventType "swiss (blitz)"]
[EventRounds "15"]
[EventCountry "POL"]
[SourceTitle "CBM 210 Extra"]
[Source "ChessBase"]
[SourceDate "2022.11.30"]
[SourceVersion "1"]
[SourceVersionDate "2022.11.30"]
[SourceQuality "1"]

1. e4 g6 2. d4 Bg7 3. Nf3 c6 4. Nc3 d5 5. e5 Bf5 6. Be2 h5 7. h3 Qc8 8. Bf4 Nd7 9. Qd2 Nf8 10. 0-0-0 Qd7 11. Na4 Ne6 12. Be3 b5 13. Nc5 Nxc5 14. dxc5 a5 15. Kb1 a4 16. Bd4 Qb7 17. Qb4 Qa7 18. e6 f6 19. Rhe1 Qa5 20. Qxa5 Rxa5 21. Bc3 Ra8 22. Nd4 Rc8 23. Nxc6 Bxe6 24. Bxb5 Bd7 25. Na7 Rxc5 26. Bxd7+ Kxd7 27. Bd4 Ra5 28. c4 e5 29. Bb6 Rxa7 30. Rxd5+ Kc6 31. Bxa7 Ne7 32. Rdd1 Nf5 33. b4 axb3 34. axb3 Ra8 35. Be3 Bf8 36. Kc2 e4 37. Ra1 Rd8 38. Ra6+ Kb7 39. Ra7+ Kc6 40. Rea1 Nxe3+ 41. fxe3 Bc5 42. Rf7 Bxe3 43. Rxf6+ Kb7 44. Rxg6 Bf4 45. Rf1 Bc7 46. Re6 Rg8 47. Rf2 Bb6 48. Re2 e3 49. b4 Bd4 50. Rd6 Bb6 51. c5 Bc7 52. Rd7 Kc8 53. Re7 Bf4 54. b5 Rd8 55. b6 Rd5 56. Rf7 Rxc5+ 57. Kd3 Bg5 58. b7+ Kb8 59. Ra2 Rd5+ 60. Ke4 e2 61. Ra8# 1-0

[Event "POL-chT 1st League"]
[Site "Szklarska Poreba"]
[Date "2021.09.07"]
[Round "4.10"]
[White "Smolka, Marcin"]
[Black "Selbes, Tarik"]
[Result "1/2-1/2"]
[WhiteElo "2210"]
[BlackElo "2260"]
[PlyCount "83"]
[EventDate "2021.09.04"]
[EventType "team-swiss"]
[EventRounds "9"]
[EventCountry "POL"]
[SourceTitle "CBM 204 Extra"]
[Source "ChessBase"]
[SourceDate "2021.11.30"]
[SourceVersion "1"]
[SourceVersionDate "2021.11.30"]
[SourceQuality "1"]
[WhiteTeam "Chrzanow Olimpijczyk"]
[BlackTeam "Lipno Steszew"]
[WhiteTeamCountry "POL"]
[BlackTeamCountry "POL"]

1. e4 e5 2. Nf3 Nc6 3. Nc3 Nf6 4. d4 exd4 5. Nxd4 Bb4 6. Nxc6 bxc6 7. Bd3 0-0 8. 0-0 d5 9. exd5 Bg4 10. f3 Bh5 11. dxc6 Qd4+ 12. Kh1 Bxc3 13. bxc3 Qxc3 14. Bg5 Qxc6 15. c4 Rad8 16. Qc2 Bg6 17. Bxg6 hxg6 18. Qf2 Rfe8 19. Rac1 Re5 20. Bxf6 gxf6 21. Qxa7 Re2 22. Rfe1 Qxc4 23. Qg1 Qxa2 24. Rxc7 Rb2 25. Ra1 Qb3 26. Rcc1 Rdd2 27. Rd1 g5 28. Rxd2 Rxd2 29. h3 Qd5 30. Qe3 Kg7 31. Re1 Qa2 32. Rg1 Qc2 33. Qe7 Re2 34. Qd8 Rd2 35. Qe7 Re2 36. Qd8 Rf2 37. Qd7 Qb2 38. Qa7 Kg6 39. Qa8 Kg7 40. Qa7 Rd2 41. Qe3 Qc2 42. Qe7 1/2-1/2

[Event "POL-chT 1st League"]
[Site "Szklarska Poreba"]
[Date "2021.09.05"]
[Round "2.9"]
[White "Tomaszewski, Kacper"]
[Black "Smolka, Marcin"]
[Result "1-0"]
[WhiteElo "2302"]
[BlackElo "2210"]
[PlyCount "105"]
[EventDate "2021.09.04"]
[EventType "team-swiss"]
[EventRounds "9"]
[EventCountry "POL"]
[SourceTitle "CBM 204 Extra"]
[Source "ChessBase"]
[SourceDate "2021.11.30"]
[SourceVersion "1"]
[SourceVersionDate "2021.11.30"]
[SourceQuality "1"]
[WhiteTeam "Rybnik"]
[BlackTeam "Chrzanow Olimpijczyk"]
[WhiteTeamCountry "POL"]
[BlackTeamCountry "POL"]

1. d4 d5 2. c4 e6 3. Nc3 Nf6 4. Bf4 dxc4 5. e3 Nd5 6. Bxc4 Nxf4 7. exf4 Bd6 8. g3 0-0 9. Nf3 b6 10. 0-0 Bb7 11. Re1 Nc6 12. Ne4 h6 13. Rc1 Ne7 14. a3 a5 15. Ba2 Qd7 16. Qd3 Bd5 17. Bb1 f5 18. Nc3 Rae8 19. Bc2 c6 20. Bd1 b5 21. Nxd5 Nxd5 22. Bb3 a4 23. Ba2 Rc8 24. Qe2 Rfe8 25. Ne5 Bxe5 26. Qxe5 Kf7 27. Rc5 Qc7 28. Bxd5 Qxe5 29. fxe5 exd5 30. Rec1 b4 31. Rxc6 bxa3 32. bxa3 Rb8 33. Ra6 Rb2 34. Rc7+ Re7 35. Rxe7+ Kxe7 36. Rxa4 Kd7 37. Ra5 Ke6 38. Ra6+ Ke7 39. Rd6 Rb5 40. h4 Ra5 41. h5 Rxa3 42. Rxd5 f4 43. g4 Rd3 44. Kg2 Ke8 45. Rd6 Ke7 46. Rg6 Kf7 47. e6+ Kf8 48. e7+ Kxe7 49. Rxg7+ Kf8 50. Rg6 Rxd4 51. Rxh6 Kg7 52. Rg6+ Kh7 53. Kf3 1-0

[Event "Warsaw Maciei Memorial"]
[Site "Warsaw"]
[Date "2021.07.09"]
[Round "9"]
[White "Goraj, Barbara"]
[Black "Smolka, Marcin"]
[Result "0-1"]
[WhiteElo "2076"]
[BlackElo "2189"]
[PlyCount "80"]
[EventDate "2021.07.09"]
[EventType "swiss (blitz)"]
[EventRounds "11"]
[EventCountry "POL"]
[SourceTitle "CBM 203 Extra"]
[Source "ChessBase"]
[SourceDate "2021.09.30"]
[SourceVersion "1"]
[SourceVersionDate "2021.09.30"]
[SourceQuality "1"]

1. e4 e5 2. Nf3 Nc6 3. Bb5 a6 4. Ba4 Nf6 5. 0-0 b5 6. Bb3 Bc5 7. a4 Rb8 8. c3 d6 9. d4 Bb6 10. a5 Ba7 11. Be3 Bg4 12. d5 Bxe3 13. fxe3 Ne7 14. Nbd2 Ng6 15. Qe1 Qc8 16. Nh4 c5 17. Nf5 Bxf5 18. exf5 Ne7 19. e4 c4 20. Bc2 Ng4 21. Rf3 Qc5+ 22. Kh1 h5 23. Nf1 f6 24. h3 g5 25. Ne3 Nh6 26. Rf1 Kf7 27. g3 Rbg8 28. Qe2 Rg7 29. Rae1 Rgh7 30. Rf2 Ng4 31. Nxg4 hxg4 32. Rh2 Rxh3 33. Rxh3 Rxh3+ 34. Kg2 Ng8 35. Qxg4 Rh2+ 36. Kxh2 Qf2+ 37. Kh3 Qxe1 38. Qh5+ Kf8 39. Qg6 Qh1+ 40. Kg4 Nh6+ 0-1

[Event "Warsaw Maciei Memorial"]
[Site "Warsaw"]
[Date "2021.07.09"]
[Round "6"]
[White "Smolka, Marcin"]
[Black "Dragun, Kamil"]
[Result "0-1"]
[WhiteElo "2189"]
[BlackElo "2557"]
[PlyCount "118"]
[EventDate "2021.07.09"]
[EventType "swiss (blitz)"]
[EventRounds "11"]
[EventCountry "POL"]
[SourceTitle "CBM 203 Extra"]
[Source "ChessBase"]
[SourceDate "2021.09.30"]
[SourceVersion "1"]
[SourceVersionDate "2021.09.30"]
[SourceQuality "1"]

1. e4 c6 2. d4 d5 3. e5 Bf5 4. h4 a6 5. g4 Bd7 6. Bg2 e6 7. f4 c5 8. c3 h5 9. gxh5 Nh6 10. Be3 Nf5 11. Bf2 Qb6 12. Qd2 Nc6 13. Nf3 Rxh5 14. Bh3 g6 15. Bg4 Rh8 16. Bxf5 gxf5 17. Qc2 Rc8 18. Qb3 Qxb3 19. axb3 cxd4 20. Nxd4 Nxd4 21. Bxd4 Be7 22. h5 Bc6 23. Nd2 Kd7 24. Kf2 Rcg8 25. Rh3 Rg4 26. Kf3 Bf8 27. Rf1 Bh6 28. Ke3 Rhg8 29. Rhf3 Rh4 30. R1f2 Rxh5 31. b4 Rg4 32. Rf1 Rh2 33. R3f2 Rh3+ 34. Rf3 Bxf4+ 35. Ke2 Rh2+ 36. R3f2 Rxf2+ 37. Bxf2 Bb5+ 38. c4 dxc4 39. Kf3 Bxd2 40. Rd1 Bc6+ 41. Ke2 Re4+ 42. Kf1 Rxe5 43. Rxd2+ Rd5 44. Rc2 b5 45. Rc1 e5 46. Bc5 Ke6 47. Kf2 f4 48. Re1 Rd2+ 49. Kg1 f5 50. Ra1 Bb7 51. Re1 Rg2+ 52. Kf1 Rh2 53. Rd1 Rh1+ 54. Bg1 Bd5 55. Kf2 e4 56. Ra1 e3+ 57. Kf1 Bb7 58. Rd1 f3 59. b3 e2+ 0-1

[Event "POL-chT Academic"]
[Site "Chorzow"]
[Date "2021.05.15"]
[Round "3.3"]
[White "Smolka, Marcin"]
[Black "Kanicki, Krzysztof"]
[Result "1/2-1/2"]
[WhiteElo "2189"]
[BlackElo "2134"]
[PlyCount "119"]
[EventDate "2021.05.15"]
[EventType "team-swiss (rapid)"]
[EventRounds "9"]
[EventCountry "POL"]
[SourceTitle "CBM 202 Extra"]
[Source "ChessBase"]
[SourceDate "2021.07.31"]
[SourceVersion "1"]
[SourceVersionDate "2021.07.31"]
[SourceQuality "1"]
[WhiteTeam "Krakow Gorniczo Hutnicza Acad"]
[BlackTeam "Wroclaw University"]
[WhiteTeamCountry "POL"]
[BlackTeamCountry "POL"]

1. e4 c5 2. c4 Nc6 3. Ne2 g6 4. d4 cxd4 5. Nxd4 Bg7 6. Be3 Nf6 7. Nc3 d6 8. Be2 0-0 9. 0-0 Bd7 10. f3 Nxd4 11. Bxd4 a5 12. Qd2 Bc6 13. Rfd1 Nd7 14. Be3 Nc5 15. Rab1 Qb6 16. b3 Rfc8 17. a3 Qd8 18. b4 axb4 19. axb4 Na4 20. Nxa4 Bxa4 21. Rdc1 Bd7 22. Bd4 Bxd4+ 23. Qxd4 Ra2 24. Bf1 Be6 25. Ra1 Rxa1 26. Rxa1 Qc7 27. Rc1 Ra8 28. c5 dxc5 29. Rxc5 Qd6 30. Qxd6 exd6 31. Rc7 b5 32. Bxb5 Rb8 33. Bd7 Rxb4 34. Bxe6 fxe6 35. Rd7 Rd4 36. Kf2 Rd2+ 37. Kg3 d5 38. e5 d4 39. Re7 g5 40. Rxe6 d3 41. Rd6 Kf7 42. h3 Kg7 43. Rd7+ Kg6 44. e6 Kf6 45. e7 Kf7 46. Kg4 Rxg2+ 47. Kf5 d2 48. Ke4 Re2+ 49. Kf5 Rf2 50. Kxg5 Rxf3 51. Rxd2 Kxe7 52. h4 Kf7 53. Rd7+ Kg8 54. Rd8+ Kg7 55. Rd7+ Rf7 56. Rd6 Ra7 57. h5 h6+ 58. Kg4 Ra4+ 59. Kg3 Ra5 60. Kg4 1/2-1/2

[Event "POL-chT Academic"]
[Site "Chorzow"]
[Date "2021.05.15"]
[Round "5.15"]
[White "Smolka, Marcin"]
[Black "Ulanowski, Karol"]
[Result "1-0"]
[WhiteElo "2189"]
[BlackElo "2151"]
[PlyCount "143"]
[EventDate "2021.05.15"]
[EventType "team-swiss (rapid)"]
[EventRounds "9"]
[EventCountry "POL"]
[SourceTitle "CBM 202 Extra"]
[Source "ChessBase"]
[SourceDate "2021.07.31"]
[SourceVersion "1"]
[SourceVersionDate "2021.07.31"]
[SourceQuality "1"]
[WhiteTeam "Krakow Gorniczo Hutnicza Acad"]
[BlackTeam "Warsaw Politechnik"]
[WhiteTeamCountry "POL"]
[BlackTeamCountry "POL"]

1. e4 c5 2. c4 Nc6 3. Ne2 d6 4. d4 Nf6 5. d5 Ne5 6. f4 Qa5+ 7. Nec3 Ned7 8. Bd2 a6 9. Bd3 g6 10. Nb5 Qb6 11. Qa4 Bg7 12. Bc3 0-0 13. N5a3 e6 14. Nd2 exd5 15. cxd5 Qc7 16. Rc1 Rb8 17. 0-0 b5 18. Qc2 Qb6 19. Kh1 Re8 20. b4 cxb4 21. Bxb4 Nc5 22. Bxc5 dxc5 23. Qxc5 Qa5 24. Nb3 Qa4 25. e5 Nxd5 26. Qxd5 Qxa3 27. f5 Qe7 28. f6 Qxe5 29. Qxe5 Rxe5 30. fxg7 Kxg7 31. Rc7 Be6 32. Nd4 Bxa2 33. Nc6 Rc5 34. Nxb8 Rxc7 35. Nxa6 Rb7 36. Nb4 Be6 37. Rb1 h5 38. Kg1 h4 39. Kf2 h3 40. g3 Rd7 41. Ke3 Re7 42. Kf2 Rd7 43. Be2 Rd2 44. Ke3 Rd6 45. Bxb5 Bf5 46. Rb2 Re6+ 47. Kf2 Rb6 48. Bd3 Be6 49. Rb1 Rd6 50. Ke3 Rd7 51. Nc2 Re7 52. Kf2 Rd7 53. Ke3 Re7 54. Kd2 Rd7 55. Ne1 Ra7 56. Rb2 Ra1 57. Ke2 Bg4+ 58. Kf2 Be6 59. Bf1 Rd1 60. Nf3 Kh6 61. Ng1 g5 62. Bxh3 g4 63. Bf1 Kg5 64. Rb5+ f5 65. Rb2 Bd5 66. Bg2 Bc4 67. Ne2 Rd8 68. Nf4 Rh8 69. Rb6 Bf7 70. h4+ gxh3 71. Nxh3+ Kh5 72. Bf3# 1-0

[Event "POL-ch Academic"]
[Site "Katowice"]
[Date "2020.11.14"]
[Round "7"]
[White "Smolka, Marcin"]
[Black "Tomczak, Mikolaj"]
[Result "0-1"]
[WhiteElo "2189"]
[BlackElo "2435"]
[PlyCount "110"]
[EventDate "2020.11.13"]
[EventType "swiss (rapid)"]
[EventRounds "9"]
[EventCountry "POL"]
[SourceTitle "CBM 199 Extra"]
[Source "ChessBase"]
[SourceDate "2021.01.31"]
[SourceVersion "1"]
[SourceVersionDate "2021.01.31"]
[SourceQuality "1"]

1. e4 c5 2. c4 Nc6 3. Ne2 Nf6 4. Nbc3 e6 5. d4 cxd4 6. Nxd4 Bb4 7. Nxc6 bxc6 8. Bd3 e5 9. 0-0 0-0 10. Bg5 h6 11. Bh4 Be7 12. Kh1 d6 13. Bg3 Nd7 14. f4 exf4 15. Bxf4 Ne5 16. Be2 Ng6 17. Bg3 Be6 18. Qa4 Qb6 19. b4 Bf6 20. Rac1 Be5 21. Bf2 Qb7 22. b5 cxb5 23. Nxb5 Nf4 24. Bf3 Nd3 25. Rb1 Nxf2+ 26. Rxf2 Qc6 27. Rc1 Rfc8 28. Qd1 a6 29. Nd4 Qb6 30. Rd2 Bxc4 31. Nf5 Rc5 32. Nxd6 Be6 33. Rxc5 Qxc5 34. Nf5 Rc8 35. Nd4 Bxd4 36. Rxd4 Qxd4 37. Qxd4 Rc1+ 38. Qd1 Rxd1+ 39. Bxd1 Bxa2 40. Kg1 Kf8 41. Kf2 Ke7 42. Ke3 Kd6 43. Kd4 f6 44. g3 a5 45. Ba4 Be6 46. Bb5 Bd7 47. Bd3 a4 48. Kc4 Ke5 49. Bb1 Be6+ 50. Kb4 Bb3 51. Bd3 Kd4 52. Bb1 Ke3 53. Kc3 Kf2 54. Kd2 a3 55. Kc3 a2 0-1

[Event "POL-chT 2nd League"]
[Site "Poronin"]
[Date "2020.09.13"]
[Round "9.4"]
[White "Malicka, Maria"]
[Black "Smolka, Marcin"]
[Result "1/2-1/2"]
[WhiteElo "2256"]
[BlackElo "2185"]
[PlyCount "108"]
[EventDate "2020.09.05"]
[EventType "team-swiss"]
[EventRounds "9"]
[EventCountry "POL"]
[SourceTitle "CBM 198 Extra"]
[Source "ChessBase"]
[SourceDate "2020.11.30"]
[SourceVersion "1"]
[SourceVersionDate "2020.11.30"]
[SourceQuality "1"]
[WhiteTeam "Warszawa Czternastka"]
[BlackTeam "Chrzanow Olimpijczyk"]
[WhiteTeamCountry "POL"]
[BlackTeamCountry "POL"]

1. e4 e5 2. Nf3 Nc6 3. Bb5 a6 4. Ba4 b5 5. Bb3 Nf6 6. 0-0 Bc5 7. c3 d6 8. d4 Bb6 9. Be3 0-0 10. Nbd2 Bb7 11. Re1 Re8 12. d5 Ne7 13. Bxb6 cxb6 14. Bc2 Ng6 15. Bd3 Bc8 16. g3 Bg4 17. Bf1 Qd7 18. a3 h5 19. c4 bxc4 20. Nxc4 Rab8 21. Qd3 Nh7 22. Nfd2 b5 23. Ne3 h4 24. Rac1 Ng5 25. Nxg4 Qxg4 26. Qe2 Qd7 27. Qh5 Nh7 28. Rc6 a5 29. Rec1 Qe7 30. Qf5 Rb7 31. Ra6 Qd8 32. Nb3 Ne7 33. Qf3 a4 34. Na5 Rb6 35. Nc6 Nxc6 36. Rxc6 Rxa6 37. Rxa6 Qb8 38. Qd3 b4 39. Rxa4 bxa3 40. bxa3 Rc8 41. Rc4 Rd8 42. a4 f5 43. exf5 Nf6 44. a5 e4 45. Qd4 Qb1 46. a6 Qe1 47. a7 Ng4 48. Rc7 Ne5 49. Rc3 Nf3+ 50. Rxf3 exf3 51. Qxh4 Rc8 52. Qh3 Ra8 53. Qg4 Rxa7 54. Qxf3 Ra1 1/2-1/2